000 00573nam a2200241Ia 4500
001 13279
003 25758
005 20241227062545.0
008 ||||||n9999 ||| || ||
041 _afre
082 _219
_a335
100 _aMosse, Robert
_97136
245 0 _aL'economie socialiste
_bperspectives de l'an 2000
260 _aFrancia :
_bR.Cpichon y R. Durand-Auzias,
_c1968.
300 _a328p.
562 _e1
650 0 _aSocialismo
_91058
650 0 _aEconomía
_9207080
942 _cBKM
999 _c13279
_d13279
526 _a4969
526 _a51868
526 _a1697